Sự thật thơ và đời Hồ Xuân Hương

Sách đã đưa ra xuất xứ một số bài thơ Nôm và năm nơi sinh, năm nơi mất cũng như mộ phần của nhà thơ Hồ Xuân Hương...

Đã lưu trong:
書目詳細資料
主要作者: Dzuy Dzao
格式: 圖書
語言:Undetermined
出版: Hà Nội Văn Học 2000
主題:
標簽: 添加標簽
沒有標簽, 成為第一個標記此記錄!
Thư viện lưu trữ: Trung tâm Học liệu Trường Đại học Cần Thơ
LEADER 00854nam a2200241Ia 4500
001 CTU_35847
008 210402s9999 xx 000 0 und d
020 |b 19.000đ 
020 |c 19000 
082 |a 895.9221009 
082 |b D523 
100 |a Dzuy Dzao 
245 0 |a Sự thật thơ và đời Hồ Xuân Hương 
245 0 |c Dzuy Dzao 
260 |a Hà Nội 
260 |b Văn Học 
260 |c 2000 
520 |a Sách đã đưa ra xuất xứ một số bài thơ Nôm và năm nơi sinh, năm nơi mất cũng như mộ phần của nhà thơ Hồ Xuân Hương... 
650 |a Vietnam poetry,Vietnamese literature 
650 |x History and criticism,History and criticism 
650 |y 19th century 
904 |i Minh 
980 |a Trung tâm Học liệu Trường Đại học Cần Thơ